000 00741nam a2200265 i 4500
001 C2-0313438
003 PPAK
005 20180728105130.0
008 111117s2011 my |||| ||||| | may d
020 _a9789675185984
040 _aPPAK
_beng
_cPPAK
_erda
082 0 4 _a899.23301
_223
090 0 0 _a899.23301
_bZAK
_dG
100 0 _aZakiah Mokhtar,
_eauthor
245 1 0 _aManisnya madu
264 1 _aAmpang, Selangor :
_bZufad Enterprise ,
_c2011
300 _a208 pages ;
_c18 cm
336 _2rdacontent
_atext
337 _2rdamedia
_aunmediated
338 _2rdacarrier
_avolume
490 1 _aSiri cerpen utamakan pencapaian
650 1 0 _aShort stories, Malay.
830 0 _aSiri cerpen utamakan pencapaian
942 _ddc
_cB
999 _c115153
_d115153